Top 5 songs On The Now Now (Gorillaz) - Statistics

General Stats
  • This quiz has been taken 34 times
  • The average score is 4 of 5
Answer Stats
Hint Answer % Correct
116,442,912 Humility(feat. George Benson)
97%
87,907,978 Tranz
90%
33,820,641 Kansas
87%
40,520,292 Hollywood(feat. Snoop Dogg & Jamie Principle)
83%
35,793,427 Souk Eye
83%
No matching quizzes found
Score Distribution
Percent of People with Each Score
Percentile by Number Answered
Your Score History
You have not taken this quiz